LEADER 04535 am 2200769 n 450 001 9910340604003321 005 20190607 010 $a2-7535-6842-1 024 7 $a10.4000/books.pur.112928 035 $a(CKB)4100000009194776 035 $a(FrMaCLE)OB-pur-112928 035 $a(oapen)https://directory.doabooks.org/handle/20.500.12854/43110 035 $a(PPN)267961057 035 $a(EXLCZ)994100000009194776 100 $a20190909j|||||||| ||| 0 101 0 $afre 135 $auu||||||m|||| 181 $ctxt$2rdacontent 182 $cc$2rdamedia 183 $acr$2rdacarrier 200 10$aChevalerie et christianisme aux XIIe et XIIIe siècles /$fMartin Aurell, Catalina Girbea 210 $aRennes $cPresses universitaires de Rennes$d2019 215 $a1 online resource (326 p.) 311 $a2-7535-1726-6 330 $aLa chevalerie présente deux acceptions, l?une sociale et l?autre idéologique. D?une part, le groupe aristocratique des combattants à cheval, et d?autre part les valeurs qui lui imposent des comportements spécifiques. Devons-nous la mêler inextricablement au christianisme ? Les penseurs des XIIe et XIIIe siècles justifient la prépondérance sociale des chevaliers par le péché d?Adam et la rupture de l?harmonie originelle qu?il entraîne. Ils considèrent que les miles ? « élu parmi mille », selon l?étymologie d?Isidore de Séville ? ont pour vocation divine de défendre le faible et de faire régner la justice, instaurant par les armes la paix. Cette théologie politique marque l?évolution de l?adoubement, qui emprunte alors à l?onction royale et aux sacrements chrétiens bien des éléments de son rituel. En recevant l?épée, dûment bénie, et la colée, le nouveau chevalier intègre un ordre, tout comme le clerc est ordonné. La prédication lui rappelle les devoirs spécifiques de l?état qu?il vient d?adopter, en particulier de mitiger sa violence et d?exercer sa puissance avec droiture et modération. Elle l?encourage à partir en croisade pour défendre la Chrétienté. Jusqu?aux années 1990, dans leurs analyses sur la chevalerie, les historiens ont repris la trame du discours normatif des clercs, que nous venons brièvement de présenter. Ils ont tenu pour vraisemblable l?influence extérieure de l?Église dans la mitigation de la violence nobiliaire, grâce à l?influence sur le code chevaleresque de la Paix de Dieu et plus largement du message évangélique. Depuis les vingt dernières années, d?autres spécialistes remettent en cause ce modèle, remarquant la nature idéale des discours des clercs médiévaux sur la chevalerie, qu?il conviendrait de déconstruire. Ils adoptent l?anthropologie culturelle pour méthode afin de conclure que, tout au long du Moyen Âge et de façon endogène, la société guerrière produit ses propres codes de conduite pour épargner les vies de ses membres dans les? 606 $aHistory 606 $aMoyen Âge 606 $achevalerie 606 $achristianisme 606 $aChrétienté médiévale 606 $acivilisation médiévale 610 $aMoyen Âge 610 $aChrétienté médiévale 610 $acivilisation médiévale 610 $achevalerie 610 $achristianisme 615 4$aHistory 615 4$aMoyen Âge 615 4$achevalerie 615 4$achristianisme 615 4$aChrétienté médiévale 615 4$acivilisation médiévale 700 $aAgrigoroaei$b Vladimir$01305525 701 $aAurell$b Martin$0157327 701 $aBaldwin$b John W$0202423 701 $aBarthélemy$b Dominique$0387359 701 $aBoutet$b Dominique$0151896 701 $aContamine$b Philippe$0133791 701 $aCrouch$b David$0270789 701 $aFlori$b Jean$0224040 701 $aGillingham$b John$0141602 701 $aGirbea$b Catalina$01293780 701 $aGouguenheim$b Sylvain$0607110 701 $aGuerreau-Jalabert$b Anita$0220789 701 $aHablot$b Laurent$01283673 701 $aKaeuper$b Richard W$01095411 701 $aStorelli$b Xavier$01305526 701 $aToubert$b Pierre$0161942 701 $aVauchez$b André$0384668 701 $aVoyer$b Cécile$01300821 701 $aAurell$b Martin$0157327 701 $aGirbea$b Catalina$01293780 801 0$bFR-FrMaCLE 906 $aBOOK 912 $a9910340604003321 996 $aChevalerie et christianisme aux XIIe et XIIIe siècles$93027908 997 $aUNINA LEADER 03516nam 22009015 450 001 9910254776403321 005 20240321234110.0 010 $a9781137520753 010 $a1137520752 024 7 $a10.1057/9781137520753 035 $a(CKB)3710000000526422 035 $a(EBL)4098296 035 $a(SSID)ssj0001580164 035 $a(PQKBManifestationID)16260505 035 $a(PQKBTitleCode)TC0001580164 035 $a(PQKBWorkID)14807952 035 $a(PQKB)11097779 035 $a(SSID)ssj0001616679 035 $a(PQKBManifestationID)16347755 035 $a(PQKBTitleCode)TC0001616679 035 $a(PQKBWorkID)14919673 035 $a(PQKB)11285313 035 $a(DE-He213)978-1-137-52075-3 035 $a(MiAaPQ)EBC4098296 035 $a(PPN)19170234X 035 $a(Perlego)3487408 035 $a(EXLCZ)993710000000526422 100 $a20160126d2016 u| 0 101 0 $aeng 135 $aur|n|---||||| 181 $ctxt 182 $cc 183 $acr 200 10$aDecolonization and the French of Algeria $eBringing the Settler Colony Home /$fby Sung-Eun Choi 205 $a1st ed. 2016. 210 1$aLondon :$cPalgrave Macmillan UK :$cImprint: Palgrave Macmillan,$d2016. 215 $a1 online resource (233 p.) 225 1 $aCambridge Imperial and Post-Colonial Studies,$x2635-1641 300 $aDescription based upon print version of record. 311 08$a9781349558032 311 08$a1349558036 311 08$a9781137520746 311 08$a1137520744 320 $aIncludes bibliographical references. 327 $a1. French Settler Colonialism in Algeria -- 2. The Algerian War in the Settler Colony and the Metropole -- 3. Repatriation : Bringing the Settler Colony "Home" -- 4. Repatriates against de Gaulle -- 5. Liberal Repatriation after de Gaulle -- 6. Socialist Repatriation after de Gaulle -- 7. Repatriates Narrate French Algeria -- Epilogue. 330 $aIn 1962, almost one million people were evacuated from Algeria. France called these citizens Repatriates to hide their French Algerian origins and to integrate them into society. This book is about Repatriation and how it became central to France's postcolonial understanding of decolonization, the Algerian past, and French identity. 410 0$aCambridge Imperial and Post-Colonial Studies,$x2635-1641 606 $aFrance$xHistory 606 $aImperialism 606 $aAfrica$xHistory 606 $aAfrica, North$xHistory 606 $aInternational relations 606 $aHistory, Modern 606 $aHistory of France 606 $aImperialism and Colonialism 606 $aAfrican History 606 $aHistory of North Africa 606 $aInternational Relations 606 $aModern History 615 0$aFrance$xHistory. 615 0$aImperialism. 615 0$aAfrica$xHistory. 615 0$aAfrica, North$xHistory. 615 0$aInternational relations. 615 0$aHistory, Modern. 615 14$aHistory of France. 615 24$aImperialism and Colonialism. 615 24$aAfrican History. 615 24$aHistory of North Africa. 615 24$aInternational Relations. 615 24$aModern History. 676 $a965/.0461 686 $aHIS001030$aHIS013000$aHIS037070$aPOL045000$2bisacsh 700 $aChoi$b Sung-Eun$4aut$4http://id.loc.gov/vocabulary/relators/aut$0886720 906 $aBOOK 912 $a9910254776403321 996 $aDecolonization and the French of Algeria$91980358 997 $aUNINA